<?xml version="1.0" encoding="UTF-8"?>
<record
    xmlns:xsi="http://www.w3.org/2001/XMLSchema-instance"
    xsi:schemaLocation="http://www.loc.gov/MARC21/slim http://www.loc.gov/standards/marcxml/schema/MARC21slim.xsd"
    xmlns="http://www.loc.gov/MARC21/slim">

  <leader>01218nam a22001817a 4500</leader>
  <controlfield tag="008">120919t        xxu||||| |||| 00| 0 eng d</controlfield>
  <datafield tag="020" ind1=" " ind2=" ">
    <subfield code="a">9789988119739</subfield>
  </datafield>
  <datafield tag="050" ind1=" " ind2=" ">
    <subfield code="a">G155.G4 T681</subfield>
  </datafield>
  <datafield tag="245" ind1=" " ind2=" ">
    <subfield code="a">Tourism in Ghana: a modern synthesis. /</subfield>
    <subfield code="c">edited by Oheneba Acheampong and Alex Boakye Asiedu</subfield>
  </datafield>
  <datafield tag="260" ind1=" " ind2=" ">
    <subfield code="a">Accra:</subfield>
    <subfield code="b">Assemblies of God Literature Centre,</subfield>
    <subfield code="c">c2008.</subfield>
  </datafield>
  <datafield tag="300" ind1=" " ind2=" ">
    <subfield code="a">xii,233 p.:</subfield>
    <subfield code="b">ill.;</subfield>
    <subfield code="c">22cm.</subfield>
  </datafield>
  <datafield tag="500" ind1=" " ind2=" ">
    <subfield code="a">Includes index</subfield>
  </datafield>
  <datafield tag="505" ind1=" " ind2=" ">
    <subfield code="a">Contents: Attractions: the bedrock of tourism development in Ghana -- Event tourism in Ghana -- Ecotourism planning and development in Ghana -- Community approach to tourism development in Ghana -- Tourism planning in Ghana -- Marketing Ghana as a tourist destination: products and markets -- Tourism distribution channels in Ghana -- A Proposed framework for tourism education and training in Ghana -- Domestic tourism in Ghana -- Micro/small-scale hospitality businesses and agenda for research in Ghana -- The Adoption of information and communication technologies by hotels in the Greater Accra Region -- Spatio-temporal aspects of tourism development in Ghana.</subfield>
  </datafield>
  <datafield tag="650" ind1=" " ind2=" ">
    <subfield code="b">Tourism</subfield>
  </datafield>
  <datafield tag="700" ind1=" " ind2=" ">
    <subfield code="a">Acheampong, Oheneba</subfield>
  </datafield>
  <datafield tag="700" ind1=" " ind2=" ">
    <subfield code="a">Asiedu, Alex Boakye</subfield>
  </datafield>
  <datafield tag="942" ind1=" " ind2=" ">
    <subfield code="2">lcc</subfield>
    <subfield code="c">BK</subfield>
  </datafield>
  <datafield tag="999" ind1=" " ind2=" ">
    <subfield code="c">2354</subfield>
    <subfield code="d">9854</subfield>
  </datafield>
  <datafield tag="952" ind1=" " ind2=" ">
    <subfield code="0">0</subfield>
    <subfield code="1">0</subfield>
    <subfield code="2">lcc</subfield>
    <subfield code="4">0</subfield>
    <subfield code="7">0</subfield>
    <subfield code="a">WIUC-1</subfield>
    <subfield code="b">WIUC-1</subfield>
    <subfield code="c">REF</subfield>
    <subfield code="d">2012-09-19</subfield>
    <subfield code="l">0</subfield>
    <subfield code="o">G155.G4 T681</subfield>
    <subfield code="p">6388/12</subfield>
    <subfield code="r">2012-09-19 00:00:00</subfield>
    <subfield code="t">1</subfield>
    <subfield code="w">2012-09-19</subfield>
    <subfield code="y">BK</subfield>
  </datafield>
  <datafield tag="952" ind1=" " ind2=" ">
    <subfield code="0">0</subfield>
    <subfield code="1">0</subfield>
    <subfield code="2">lcc</subfield>
    <subfield code="4">0</subfield>
    <subfield code="7">0</subfield>
    <subfield code="a">WIUC-1</subfield>
    <subfield code="b">WIUC-1</subfield>
    <subfield code="c">REF</subfield>
    <subfield code="d">2012-09-19</subfield>
    <subfield code="l">0</subfield>
    <subfield code="o">G155.G4 T682</subfield>
    <subfield code="p">6389/12</subfield>
    <subfield code="r">2012-09-19 00:00:00</subfield>
    <subfield code="t">2</subfield>
    <subfield code="w">2012-09-19</subfield>
    <subfield code="y">BK</subfield>
  </datafield>
  <datafield tag="952" ind1=" " ind2=" ">
    <subfield code="0">0</subfield>
    <subfield code="1">0</subfield>
    <subfield code="2">lcc</subfield>
    <subfield code="4">0</subfield>
    <subfield code="7">0</subfield>
    <subfield code="a">WIUC-1</subfield>
    <subfield code="b">WIUC-1</subfield>
    <subfield code="c">REF</subfield>
    <subfield code="d">2014-07-30</subfield>
    <subfield code="l">0</subfield>
    <subfield code="o">G155.G4 T683</subfield>
    <subfield code="p">7321/346/13</subfield>
    <subfield code="r">2014-07-30 00:00:00</subfield>
    <subfield code="t">3</subfield>
    <subfield code="w">2014-07-30</subfield>
    <subfield code="y">BK</subfield>
  </datafield>
  <datafield tag="952" ind1=" " ind2=" ">
    <subfield code="0">0</subfield>
    <subfield code="1">0</subfield>
    <subfield code="2">lcc</subfield>
    <subfield code="4">0</subfield>
    <subfield code="7">0</subfield>
    <subfield code="a">WIUC-1</subfield>
    <subfield code="b">WIUC-1</subfield>
    <subfield code="c">REF</subfield>
    <subfield code="d">2014-07-30</subfield>
    <subfield code="l">0</subfield>
    <subfield code="o">G155.G4 T684</subfield>
    <subfield code="p">7322/347/13</subfield>
    <subfield code="r">2014-07-30 00:00:00</subfield>
    <subfield code="t">4</subfield>
    <subfield code="w">2014-07-30</subfield>
    <subfield code="y">BK</subfield>
  </datafield>
</record>
